Ajuste por inflación (Registro nro. 4803)

Detalles MARC
000 -LEADER
fixed length control field 01419 a2200241 4500
001 - CONTROL NUMBER
control field 49332
005 - DATE AND TIME OF LATEST TRANSACTION
control field 20260407155756.0
008 - FIXED-LENGTH DATA ELEMENTS--GENERAL INFORMATION
fixed length control field 260407a2019 arg spa d
003 - CONTROL NUMBER IDENTIFIER
control field AR-UNSa-BCEJYS
040 ## - CATALOGING SOURCE
Original cataloging agency AR-UNSa-BCEJYS
Language of cataloging spa
Transcribing agency AR-UNSa-BCEJYS
080 ## - UNIVERSAL DECIMAL CLASSIFICATION NUMBER
Universal Decimal Classification number 657.23
Common auxiliary subdivision Compensaciones. Correcciones. Ajustes (devaluación monetaria)
020 ## - INTERNATIONAL STANDARD BOOK NUMBER
International Standard Book Number 978-987-716-105-2
041 ## - LANGUAGE CODE
Language code of text/sound track or separate title spa
100 1# - MAIN ENTRY--PERSONAL NAME
Personal name Petti, Ana María
245 10 - TITLE STATEMENT
Title Ajuste por inflación
Name of part/section of a work RT Nº 6, RT Nº 48, RJG 539/18. Guías de aplicación de CENCyA (FACPCE)
264 #1 - PRODUCTION, PUBLICATION, DISTRIBUTION, MANUFACTURE, AND COPYRIGHT NOTICE
Place of production, publication, distribution, manufacture Buenos Aires :
Name of producer, publisher, distributor, manufacturer Osmar D. Buyatti
Date of production, publication, distribution, manufacture, or copyright notice 2019
300 ## - PHYSICAL DESCRIPTION
Extent 291 p.
Dimensions 22 cm.
505 ## - FORMATTED CONTENTS NOTE
Formatted contents note 1. Modelos contables - 2. Antecedentes históricos de la aplicación en los Estados Contables en Argentina - 3. Aspectos generales del ajuste integral por inflación de los Estados Contables. Resolución Técnica N° 6 - 4. Remedición de activos: RT N° 48 FACPCE - 5. Ajuste por inflación de algunos rubros del activo - 6. Re expresión de los componentes del patrimonio neto - 7. El método de impuesto diferido y el ajuste por inflación de la RT N° 6 - 8. Presentación de Estados Contables ajustados por inflación - 9. El Estado de flujo efectivo ajustado por inflación.
590 ## - LOCAL NOTE (RLIN)
Local note niveau_biblio:m niveau_hierar:0
700 1# - ADDED ENTRY--PERSONAL NAME
Personal name Lanza, Heraclio Juan
856 41 - ELECTRONIC LOCATION AND ACCESS
Uniform Resource Identifier <a href="https://www.biblioeco.unsa.edu.ar/pmb/images/libros/L127987.jpg">https://www.biblioeco.unsa.edu.ar/pmb/images/libros/L127987.jpg</a>
Link text Imagen de portada
Electronic format type image/jpeg
942 ## - ADDED ENTRY ELEMENTS (KOHA)
Koha item type
Existencias
Withdrawn status Lost status Damaged status Not for loan Home library Current library Shelving location Date acquired Total checkouts Full call number Barcode Date last seen Price effective from Koha item type Public note
        Biblioteca Prof. Eusebio Cleto del Rey Biblioteca Prof. Eusebio Cleto del Rey   07/04/2026   657.23 P511 L127987 07/04/2026 07/04/2026 Libro  
        Biblioteca Prof. Eusebio Cleto del Rey Biblioteca Prof. Eusebio Cleto del Rey   07/04/2026   657.23 P511 L127988 07/04/2026 07/04/2026 Libro  
        Biblioteca Prof. Eusebio Cleto del Rey Biblioteca Prof. Eusebio Cleto del Rey   07/04/2026   657.23 P511 L127989 07/04/2026 07/04/2026 Libro  
        Biblioteca Prof. Eusebio Cleto del Rey Biblioteca Prof. Eusebio Cleto del Rey   07/04/2026   657.23 P511 L127990 07/04/2026 07/04/2026 Libro  
        Biblioteca Prof. Eusebio Cleto del Rey Biblioteca Prof. Eusebio Cleto del Rey   07/04/2026   657.23 P511 L127991 07/04/2026 07/04/2026 Libro CANTO LATERAL MANCHADO - RAYA DE LÁPIZ PÁG 66